| 000 | 01196nam a22003257a 4500 | ||
|---|---|---|---|
| 001 | BR8400885 | ||
| 003 | BR-BrBNA | ||
| 005 | 20230928091854.0 | ||
| 007 | ta | ||
| 008 | 230509b bl.||||| |||| 00| 0 por d | ||
| 040 |
_aBR-BrBNA _bpor _cBiblioteca Nacional de Agricultura |
||
| 041 | _a(Por) | ||
| 072 |
_aF22 _b/G514 |
||
| 090 | _ F22 BR8400885 | ||
| 100 | 1 | _aManfredini, S. | |
| 110 | 1 |
_aEscola Superior de Agricultura Luiz de Queiroz, Piracicaba, SP (Brasil) _0Tese (Doutor em Agronomia) |
|
| 245 | 1 | _aProcesso de adsorcao - dessorcao, durante o deslocamento miscivel de sulfato em latossolos [latossolo roxo, latossolo vermelho amarelo, solo, analise quimica, Brasil] | |
| 246 | 1 | _aAdsorption - desorption process, during sulfate miscible displacement into latosols [purple latosol, red yellow latosol, soil, chemical analysis, Brazil] | |
| 260 | 3 |
_aPiracicaba, SP (Brasil): _c1983. |
|
| 300 | _a76 p. | ||
| 500 | _a10 graphs; Summaries (Eng, Por); 43 ref. | ||
| 650 | _aSOLO | ||
| 650 | _aLATOSSOLO ROXO | ||
| 650 | _aLATOSSOLO VERMELHO AMARELO | ||
| 650 | _aSULFATO | ||
| 650 | _aCALCIO | ||
| 650 | _aADSORCAO | ||
| 909 |
_a202309 _bLucia _c55 _dLucia Elande |
||
| 942 | _cBK | ||
| 999 |
_c35982 _d35982 |
||